[Event "Test Tournament"]
[Site "Emanuel Lasker Arena"]
[Date "2024.04.09"]
[Round "1"]
[White "Bauernklopper"]
[Black "Zimtowitch"]
[Result "1-0"]
[WhiteElo "1620"]
[BlackElo "1896"]
[Annotator "NA RC"]
[PlyCount "85"]
[EventDate "2024.04.09"]
[EventType "swiss (blitz)"]

1. d4 {[%emt 0:00:01]} d5 {[%emt 0:00:01]} 2. c4 {[%emt 0:00:01]} e6 {[%emt 0:00:00]} 3. Nf3 {[%emt 0:00:01]} Nf6 {[%emt 0:00:01]} 4. g3 {[%emt 0:00:01]} dxc4 {[%emt 0:00:01]} 5. Bg2 {[%emt 0:00:01]} c5 {[%emt 0:00:01]} 6. O-O {[%emt 0:00:01]} Nc6 {[%emt 0:00:01]} 7. Qa4 {[%emt 0:00:01]} cxd4 {[%emt 0:00:01]} 8. Nxd4 {[%emt 0:00:01]} Qxd4 {[%emt 0:00:01]} 9. Bxc6+ {[%emt 0:00:01]} bxc6 {[%emt 0:00:01]} 10. Qxc6+ {[%emt 0:00:01]} Qd7 {[%emt 0:00:01]} 11. Qxa8 {[%emt 0:00:01]} Bb4 {[%emt 0:00:04]} 12. Bg5 {[%emt 0:00:01]} O-O {[%emt 0:00:04]} 13. Bxf6 {[%emt 0:00:01]} gxf6 {[%emt 0:00:01]} 14. Nc3 {[%emt 0:00:04]} Qd2 {[%emt 0:00:04]} 15. Qxa7 {[%emt 0:00:01]} Qxb2 {[%emt 0:00:01]} 16. Ne4 {[%emt 0:00:01]} Qe5 {[%emt 0:00:03]} 17. f3 {[%emt 0:00:04]} Rd8 {[%emt 0:00:06]} 18. Rfd1 {[%emt 0:00:04]} Rd2 {[%emt 0:00:03]} 19. Rab1 {[%emt 0:00:03]} c3 {[%emt 0:00:03]} 20. Rxd2 {[%emt 0:00:01]} cxd2 {[%emt 0:00:01]} 21. Rd1 {[%emt 0:00:02]} h6 {[%emt 0:00:02]} 22. Qb6 {[%emt 0:00:02]} f5 {[%emt 0:00:04]} 23. Qxb4 {[%emt 0:00:01]} fxe4 {[%emt 0:00:01]} 24. Rxd2 {[%emt 0:00:01]} Qa1+ {[%emt 0:00:02]} 25. Kf2 {[%emt 0:00:02]} e3+ {[%emt 0:00:02]} 26. Kxe3 {[%emt 0:00:01]} Qg1+ {[%emt 0:00:01]} 27. Kd3 {[%emt 0:00:01]} e5 {[%emt 0:00:01]} 28. a4 {[%emt 0:00:02]} Qxh2 {[%emt 0:00:01]} 29. Qh4 {[%emt 0:00:02]} Bh3 {[%emt 0:00:01]} 30. a5 {[%emt 0:00:02]} Kg7 {[%emt 0:00:01]} 31. a6 {[%emt 0:00:01]} Qh1 {[%emt 0:00:01]} 32. a7 {[%emt 0:00:01]} Qa1 {[%emt 0:00:01]} 33. Qxh3 {[%emt 0:00:01]} Qd4+ {[%emt 0:00:01]} 34. Kc2 {[%emt 0:00:00]} Qxa7 {[%emt 0:00:00]} 35. Qg4+ {[%emt 0:00:00]} Kf6 {[%emt 0:00:00]} 36. Qc4 {[%emt 0:00:01]} Qd4 {[%emt 0:00:00]} 37. Kd1 {[%emt 0:00:01]} Qxc4 {[%emt 0:00:01]} 38. Ke1 {[%emt 0:00:01]} Qb4 {[%emt 0:00:01]} 39. e3 {[%emt 0:00:01]} Kg5 {[%emt 0:00:01]} 40. Ke2 {[%emt 0:00:01]} h5 {[%emt 0:00:01]} 41. Rd7 {[%emt 0:00:01]} h4 {[%emt 0:00:01]} 42. Kf2 {[%emt 0:00:01]} Qb1 {[%emt 0:00:01]} 43. gxh4+ {[%emt 0:00:01] Time (Lag: Av=0.08s, max=0.7s)} 1-0

[Event "Test Tournament"]
[Site "Emanuel Lasker Arena"]
[Date "2024.04.09"]
[Round "1"]
[White "Bauernklopper"]
[Black "Sauerbruch"]
[Result "1-0"]
[WhiteElo "1620"]
[BlackElo "1620"]
[Annotator "NA RC"]
[PlyCount "37"]
[EventDate "2024.04.09"]
[EventType "swiss (blitz)"]

1. d4 {[%emt 0:00:01]} Nf6 {[%emt 0:00:01]} 2. c4 {[%emt 0:00:01]} g6 {[%emt 0:00:01]} 3. Nc3 {[%emt 0:00:01]} Bg7 {[%emt 0:00:01]} 4. e4 {[%emt 0:00:01]} d6 {[%emt 0:00:01]} 5. Nf3 {[%emt 0:00:01]} O-O {[%emt 0:00:01]} 6. Be2 {[%emt 0:00:01]} e5 {[%emt 0:00:01]} 7. dxe5 {[%emt 0:00:01]} dxe5 {[%emt 0:00:01]} 8. Qxd8 {[%emt 0:00:01]} Rxd8 {[%emt 0:00:01]} 9. Bg5 {[%emt 0:00:01]} h6 {[%emt 0:00:04]} 10. Bxf6 {[%emt 0:00:01]} Bxf6 {[%emt 0:00:01]} 11. Nd5 {[%emt 0:00:04]} Kg7 {[%emt 0:00:04]} 12. Nxc7 {[%emt 0:00:01]} Bg4 {[%emt 0:00:04]} 13. Nxa8 {[%emt 0:00:01]} h5 {[%emt 0:00:05]} 14. Nc7 {[%emt 0:00:01]} a5 {[%emt 0:00:04]} 15. Rd1 {[%emt 0:00:04]} Rc8 {[%emt 0:00:03]} 16. Nb5 {[%emt 0:00:04]} h4 {[%emt 0:00:03]} 17. Rd3 {[%emt 0:00:04]} Rxc4 {[%emt 0:00:01]} 18. Rc3 {[%emt 0:00:03]} Rb4 {[%emt 0:00:03]} 19. Rb3 {[%emt 0:00:03] Sauerbruch resigns (Lag: Av=0.09s, max=0.5s)} 1-0

[Event "Test Tournament"]
[Site "Emanuel Lasker Arena"]
[Date "2024.04.09"]
[Round "1"]
[White "Churchill"]
[Black "Zimtowitch"]
[Result "0-1"]
[WhiteElo "1620"]
[BlackElo "1896"]
[Annotator "NA RC"]
[PlyCount "26"]
[EventDate "2024.04.09"]
[EventType "swiss (blitz)"]
[TimeControl "60"]

1. d4 {[%emt 0:00:01]} d5 {[%emt 0:00:01]} 2. c4 {[%emt 0:00:02]} e6 {[%emt 0:00:01]} 3. Nc3 {[%emt 0:00:01]} c5 {[%emt 0:00:01]} 4. cxd5 {[%emt 0:00:02]} exd5 {[%emt 0:00:01]} 5. Nf3 {[%emt 0:00:01]} Nc6 {[%emt 0:00:01]} 6. e3 {[%emt 0:00:01]} Nf6 {[%emt 0:00:01]} 7. Be2 {[%emt 0:00:01]} cxd4 {[%emt 0:00:01]} 8. Nxd4 {[%emt 0:00:01]} Bd6 {[%emt 0:00:01]} 9. Qb3 {[%emt 0:00:06]} a6 {[%emt 0:00:01]} 10. Nxd5 {[%emt 0:00:01]} Nxd5 {[%emt 0:00:01]} 11. O-O {[%emt 0:00:04]} O-O {[%emt 0:00:04]} 12. a4 {[%emt 0:00:03]} Qh4 {[%emt 0:00:05]} 13. Qxd5 {[%emt 0:00:02]} Qxh2# {[%emt 0:00:03] (Lag: Av=0.05s, max=0.1s)} 0-1

[Event "Test Tournament"]
[Site "Emanuel Lasker Arena"]
[Date "2024.04.09"]
[Round "1"]
[White "Covfefe"]
[Black "Kalinda"]
[Result "1-0"]
[WhiteElo "1620"]
[BlackElo "2102"]
[Annotator "RC"]
[PlyCount "41"]
[EventDate "2024.04.09"]
[EventType "swiss (blitz)"]

1. d4 {[%emt 0:00:01]} Nf6 {[%emt 0:00:01]} 2. c4 {[%emt 0:00:01]} e6 {[%emt 0:00:01]} 3. g3 {[%emt 0:00:01]} d5 {[%emt 0:00:02]} 4. Bg2 {[%emt 0:00:01]} Be7 {[%emt 0:00:01]} 5. Nf3 {[%emt 0:00:01]} O-O {[%emt 0:00:01]} 6. Ne5 {[%emt 0:00:01]} c5 {[%emt 0:00:04]} 7. cxd5 {[%emt 0:00:05]} exd5 {[%emt 0:00:01]} 8. O-O {[%emt 0:00:01]} cxd4 {[%emt 0:00:04]} 9. Qxd4 {[%emt 0:00:02]} Bf5 {[%emt 0:00:05]} 10. b3 {[%emt 0:00:04]} Qc7 {[%emt 0:00:03]} 11. Bxd5 {[%emt 0:00:03]} Nxd5 {[%emt 0:00:01]} 12. Qxd5 {[%emt 0:00:01]} a5 {[%emt 0:00:03]} 13. Ba3 {[%emt 0:00:03]} a4 {[%emt 0:00:03]} 14. Rc1 {[%emt 0:00:03]} Bc2 {[%emt 0:00:03]} 15. Bxe7 {[%emt 0:00:01]} Qxe7 {[%emt 0:00:00]} 16. Rxc2 {[%emt 0:00:01]} axb3 {[%emt 0:00:02]} 17. Rd2 {[%emt 0:00:03]} Qb4 {[%emt 0:00:02]} 18. Qc4 {[%emt 0:00:02]} Re8 {[%emt 0:00:11]} 19. Qxf7+ {[%emt 0:00:02]} Kh8 {[%emt 0:00:01]} 20. Qxe8+ {[%emt 0:00:02]} Qf8 {[%emt 0:00:01]} 21. Qxf8# {[%emt 0:00:02] (Lag: Av=0.05s, max=0.1s)} 1-0

[Event "Test Tournament"]
[Site "Emanuel Lasker Arena"]
[Date "2024.04.09"]
[Round "1"]
[White "Don Rodrigo"]
[Black "Patemkin"]
[Result "1-0"]
[WhiteElo "1620"]
[BlackElo "1680"]
[Annotator "NA RC"]
[PlyCount "21"]
[EventDate "2024.04.09"]
[EventType "swiss (blitz)"]

1. e4 {[%emt 0:00:01]} e5 {[%emt 0:00:01]} 2. Nf3 {[%emt 0:00:01]} Nc6 {[%emt 0:00:01]} 3. Bb5 {[%emt 0:00:01]} Nf6 {[%emt 0:00:01]} 4. d3 {[%emt 0:00:01]} Bc5 {[%emt 0:00:01]} 5. Bxc6 {[%emt 0:00:01]} dxc6 {[%emt 0:00:01]} 6. Nxe5 {[%emt 0:00:01]} Qd4 {[%emt 0:00:01]} 7. O-O {[%emt 0:00:02]} Qxe5 {[%emt 0:00:01]} 8. c3 {[%emt 0:00:03]} Ng4 {[%emt 0:00:02]} 9. g3 {[%emt 0:00:01]} Bb6 {[%emt 0:00:05]} 10. Bf4 {[%emt 0:00:05]} Qe6 {[%emt 0:00:04]} 11. h4 {[%emt 0:00:03] Don Rodrigo resigns (Lag: Av=0.05s, max=0.1s) Patemkin resigns} 1-0

[Event "Test Tournament"]
[Site "Emanuel Lasker Arena"]
[Date "2024.04.09"]
[Round "1"]
[White "Don Rodrigo"]
[Black "Local Hero"]
[Result "0-1"]
[WhiteElo "1620"]
[BlackElo "1983"]
[Annotator "NA RC"]
[PlyCount "70"]
[EventDate "2024.04.09"]
[EventType "swiss (blitz)"]

1. e4 {[%emt 0:00:01]} Nf6 {[%emt 0:00:01]} 2. e5 {[%emt 0:00:01]} Nd5 {[%emt 0:00:01]} 3. d4 {[%emt 0:00:02]} d6 {[%emt 0:00:01]} 4. c4 {[%emt 0:00:01]} Nb6 {[%emt 0:00:01]} 5. f4 {[%emt 0:00:01]} g6 {[%emt 0:00:01]} 6. Nc3 {[%emt 0:00:01]} Bg7 {[%emt 0:00:01]} 7. Be3 {[%emt 0:00:01]} Be6 {[%emt 0:00:01]} 8. d5 {[%emt 0:00:02]} Bf5 {[%emt 0:00:01]} 9. g4 {[%emt 0:00:01]} Bd7 {[%emt 0:00:07]} 10. c5 {[%emt 0:00:04]} dxe5 {[%emt 0:00:01]} 11. cxb6 {[%emt 0:00:01]} axb6 {[%emt 0:00:04]} 12. Ne4 {[%emt 0:00:04]} Ra4 {[%emt 0:00:03]} 13. Qc2 {[%emt 0:00:03]} exf4 {[%emt 0:00:03]} 14. Bd2 {[%emt 0:00:03]} O-O {[%emt 0:00:03]} 15. Rc1 {[%emt 0:00:03]} Rxa2 {[%emt 0:00:03]} 16. Qxc7 {[%emt 0:00:01]} Bxb2 {[%emt 0:00:01]} 17. Qxf4 {[%emt 0:00:01]} f5 {[%emt 0:00:02]} 18. Ng5 {[%emt 0:00:03]} h6 {[%emt 0:00:01]} 19. d6 {[%emt 0:00:03]} b5 {[%emt 0:00:02]} 20. Rc7 {[%emt 0:00:02]} fxg4 {[%emt 0:00:01]} 21. Bc4+ {[%emt 0:00:01]} Kh8 {[%emt 0:00:02]} 22. Nf7+ {[%emt 0:00:01]} Rxf7 {[%emt 0:00:01]} 23. Bxf7 {[%emt 0:00:01]} g5 {[%emt 0:00:02]} 24. Qb4 {[%emt 0:00:02]} Na6 {[%emt 0:00:02]} 25. Bc3+ {[%emt 0:00:01]} e5 {[%emt 0:00:01]} 26. Qe4 {[%emt 0:00:01]} Nxc7 {[%emt 0:00:01]} 27. Bxe5+ {[%emt 0:00:01]} Bxe5 {[%emt 0:00:01]} 28. Qxe5+ {[%emt 0:00:01]} Kh7 {[%emt 0:00:01]} 29. Bxa2 {[%emt 0:00:01]} Qe8 {[%emt 0:00:01]} 30. Nf3 {[%emt 0:00:09]} gxf3 {[%emt 0:00:01]} 31. Bb1+ {[%emt 0:00:01]} Kg8 {[%emt 0:00:01]} 32. Ba2+ {[%emt 0:00:01]} Kf8 {[%emt 0:00:01]} 33. Qe7+ {[%emt 0:00:01]} Qxe7+ {[%emt 0:00:01]} 34. dxe7+ {[%emt 0:00:01]} Kxe7 {[%emt 0:00:00]} 35. Kf2 {[%emt 0:00:01] .} Bg4 {[%emt 0:00:01]} 0-1

[Event "Test Tournament"]
[Site "Emanuel Lasker Arena"]
[Date "2024.04.09"]
[Round "1"]
[White "Einpassant"]
[Black "Hollis"]
[Result "1-0"]
[WhiteElo "1620"]
[BlackElo "1881"]
[Annotator "NA RC"]
[PlyCount "47"]
[EventDate "2024.04.09"]
[EventType "swiss (blitz)"]

1. Nf3 {[%emt 0:00:01]} c5 {[%emt 0:00:01]} 2. g3 {[%emt 0:00:01]} Nf6 {[%emt 0:00:01]} 3. Bg2 {[%emt 0:00:01]} Nc6 {[%emt 0:00:01]} 4. O-O {[%emt 0:00:01]} d5 {[%emt 0:00:01]} 5. c4 {[%emt 0:00:01]} e5 {[%emt 0:00:01]} 6. cxd5 {[%emt 0:00:01]} Nxd5 {[%emt 0:00:01]} 7. Nc3 {[%emt 0:00:01]} Be6 {[%emt 0:00:01]} 8. Ng5 {[%emt 0:00:01]} Qxg5 {[%emt 0:00:01]} 9. Nxd5 {[%emt 0:00:01]} Bd6 {[%emt 0:00:04]} 10. d4 {[%emt 0:00:07]} Qg4 {[%emt 0:00:08]} 11. dxc5 {[%emt 0:00:01]} Bxc5 {[%emt 0:00:03]} 12. Nc7+ {[%emt 0:00:01]} Ke7 {[%emt 0:00:01]} 13. Qc2 {[%emt 0:00:01]} Bd4 {[%emt 0:00:03]} 14. e3 {[%emt 0:00:04]} Nb4 {[%emt 0:00:05]} 15. Qa4 {[%emt 0:00:03]} Qxg3 {[%emt 0:00:07]} 16. Qxb4+ {[%emt 0:00:01]} Kd7 {[%emt 0:00:01]} 17. fxg3 {[%emt 0:00:00]} Kxc7 {[%emt 0:00:01]} 18. exd4 {[%emt 0:00:03]} Kd8 {[%emt 0:00:03]} 19. Be3 {[%emt 0:00:02]} h5 {[%emt 0:00:02]} 20. Bg5+ {[%emt 0:00:02]} f6 {[%emt 0:00:01]} 21. Qd6+ {[%emt 0:00:02]} Ke8 {[%emt 0:00:01]} 22. Qxe6+ {[%emt 0:00:00]} Kd8 {[%emt 0:00:01]} 23. Bh3 {[%emt 0:00:02]} fxg5 {[%emt 0:00:01]} 24. Qd7# {[%emt 0:00:02] (Lag: Av=0.10s, max=1.3s)} 1-0

[Event "Test Tournament"]
[Site "Emanuel Lasker Arena"]
[Date "2024.04.09"]
[Round "1"]
[White "Einpassant"]
[Black "Encheladus"]
[Result "1-0"]
[WhiteElo "1620"]
[BlackElo "1620"]
[Annotator "NA RC"]
[PlyCount "28"]
[EventDate "2024.04.09"]
[EventType "swiss (blitz)"]

1. d4 {[%emt 0:00:01]} Nf6 {[%emt 0:00:01]} 2. c4 {[%emt 0:00:01]} e6 {[%emt 0:00:01]} 3. Nf3 {[%emt 0:00:01]} d5 {[%emt 0:00:01]} 4. g3 {[%emt 0:00:01]} dxc4 {[%emt 0:00:01]} 5. Bg2 {[%emt 0:00:01]} c5 {[%emt 0:00:01]} 6. O-O {[%emt 0:00:01]} Nc6 {[%emt 0:00:01]} 7. Qa4 {[%emt 0:00:01]} Bd7 {[%emt 0:00:01]} 8. dxc5 {[%emt 0:00:01]} Na5 {[%emt 0:00:01]} 9. Qc2 {[%emt 0:00:02]} Bxc5 {[%emt 0:00:01]} 10. Ne5 {[%emt 0:00:04]} Rc8 {[%emt 0:00:01]} 11. Rd1 {[%emt 0:00:01]} Qb6 {[%emt 0:00:01]} 12. e3 {[%emt 0:00:04]} Bb5 {[%emt 0:00:02]} 13. Nc3 {[%emt 0:00:03]} O-O {[%emt 0:00:04]} 14. Nxb5 {[%emt 0:00:01]} Qxb5 {[%emt 0:00:01] Einpassant resigns Encheladus resigns (Lag: Av=0.06s, max=0.1s)} 1-0

[Event "Test Tournament"]
[Site "Emanuel Lasker Arena"]
[Date "2024.04.09"]
[Round "1"]
[White "Encheladus"]
[Black "Einpassant"]
[Result "1-0"]
[WhiteElo "1620"]
[BlackElo "1620"]
[Annotator "NA RC"]
[PlyCount "77"]
[EventDate "2024.04.09"]
[EventType "swiss (blitz)"]

1. d4 {[%emt 0:00:01]} Nf6 {[%emt 0:00:01]} 2. c4 {[%emt 0:00:01]} e6 {[%emt 0:00:01]} 3. Nc3 {[%emt 0:00:01]} Bb4 {[%emt 0:00:01]} 4. Qc2 {[%emt 0:00:01]} O-O {[%emt 0:00:01]} 5. a3 {[%emt 0:00:01]} Bxc3+ {[%emt 0:00:01]} 6. Qxc3 {[%emt 0:00:01]} d5 {[%emt 0:00:01]} 7. Nf3 {[%emt 0:00:01]} dxc4 {[%emt 0:00:01]} 8. Qxc4 {[%emt 0:00:01]} b6 {[%emt 0:00:01]} 9. Bg5 {[%emt 0:00:01]} Ba6 {[%emt 0:00:01]} 10. Qa4 {[%emt 0:00:00]} c5 {[%emt 0:00:01]} 11. dxc5 {[%emt 0:00:01]} bxc5 {[%emt 0:00:01]} 12. Rd1 {[%emt 0:00:04]} Qb6 {[%emt 0:00:01]} 13. Bxf6 {[%emt 0:00:01]} gxf6 {[%emt 0:00:01]} 14. Rd2 {[%emt 0:00:02]} c4 {[%emt 0:00:01]} 15. e3 {[%emt 0:00:03]} Rc8 {[%emt 0:00:01]} 16. h4 {[%emt 0:00:06]} Bb5 {[%emt 0:00:04]} 17. Qc2 {[%emt 0:00:01]} c3 {[%emt 0:00:09]} 18. bxc3 {[%emt 0:00:01]} Nd7 {[%emt 0:00:03]} 19. Bxb5 {[%emt 0:00:01]} Qxb5 {[%emt 0:00:01]} 20. a4 {[%emt 0:00:05]} Qb7 {[%emt 0:00:02]} 21. O-O {[%emt 0:00:02]} h5 {[%emt 0:00:03]} 22. Rd6 {[%emt 0:00:02]} a5 {[%emt 0:00:03]} 23. c4 {[%emt 0:00:02]} Nc5 {[%emt 0:00:02]} 24. Rb1 {[%emt 0:00:02]} Qc7 {[%emt 0:00:02]} 25. Rd4 {[%emt 0:00:02]} e5 {[%emt 0:00:02]} 26. Rd5 {[%emt 0:00:02]} e4 {[%emt 0:00:02]} 27. Nd4 {[%emt 0:00:02]} Ne6 {[%emt 0:00:01]} 28. Rxh5 {[%emt 0:00:02]} Ng7 {[%emt 0:00:02]} 29. Rhb5 {[%emt 0:00:01]} Qxc4 {[%emt 0:00:01]} 30. Qxe4 {[%emt 0:00:01]} Qxa4 {[%emt 0:00:01]} 31. g4 {[%emt 0:00:01]} Qa2 {[%emt 0:00:02]} 32. Rb7 {[%emt 0:00:02]} a4 {[%emt 0:00:01]} 33. Rd7 {[%emt 0:00:01]} a3 {[%emt 0:00:01]} 34. Kg2 {[%emt 0:00:01]} Qd2 {[%emt 0:00:01]} 35. Qe7 {[%emt 0:00:01]} Qa2 {[%emt 0:00:01]} 36. Qxf6 {[%emt 0:00:01]} Rab8 {[%emt 0:00:01]} 37. Ra1 {[%emt 0:00:01]} Qxa1 {[%emt 0:00:01]} 38. Qxf7+ {[%emt 0:00:00]} Kh8 {[%emt 0:00:00]} 39. Qxg7# {[%emt 0:00:00] (Lag: Av=0.06s, max=0.4s)} 1-0

[Event "Test Tournament"]
[Site "Emanuel Lasker Arena"]
[Date "2024.04.09"]
[Round "1"]
[White "Endspielexperte"]
[Black "Zimtowitch"]
[Result "*"]
[WhiteElo "1620"]
[BlackElo "1896"]
[Annotator "NA"]
[PlyCount "70"]
[EventDate "2024.04.09"]
[EventType "swiss (blitz)"]

{Zimtowitch resigns Endspielexperte resigns} 1. d4 {[%emt 0:00:01]} Nf6 {[%emt 0:00:01]} 2. c4 {[%emt 0:00:01]} c5 {[%emt 0:00:01]} 3. d5 {[%emt 0:00:01]} b5 {[%emt 0:00:01]} 4. cxb5 {[%emt 0:00:01]} a6 {[%emt 0:00:01]} 5. bxa6 {[%emt 0:00:01]} Bxa6 {[%emt 0:00:01]} 6. Nc3 {[%emt 0:00:01]} g6 {[%emt 0:00:01]} 7. e4 {[%emt 0:00:01]} Bxf1 {[%emt 0:00:01]} 8. Kxf1 {[%emt 0:00:01]} d6 {[%emt 0:00:01]} 9. Nf3 {[%emt 0:00:01]} Bg7 {[%emt 0:00:01]} 10. g3 {[%emt 0:00:01]} O-O {[%emt 0:00:01]} 11. Kg2 {[%emt 0:00:01]} Nbd7 {[%emt 0:00:04]} 12. a4 {[%emt 0:00:01]} Qb6 {[%emt 0:00:01]} 13. Qe2 {[%emt 0:00:01]} Ng4 {[%emt 0:00:01]} 14. Rd1 {[%emt 0:00:04]} Qb4 {[%emt 0:00:02]} 15. Ra3 {[%emt 0:00:02]} Rfb8 {[%emt 0:00:03]} 16. Na2 {[%emt 0:00:02]} Qa5 {[%emt 0:00:04]} 17. Qd2 {[%emt 0:00:04]} f5 {[%emt 0:00:03]} 18. Qxa5 {[%emt 0:00:03]} Rxa5 {[%emt 0:00:00]} 19. exf5 {[%emt 0:00:01]} Bxb2 {[%emt 0:00:01]} 20. Bxb2 {[%emt 0:00:01]} Rxb2 {[%emt 0:00:01]} 21. fxg6 {[%emt 0:00:01]} Rxf2+ {[%emt 0:00:01]} 22. Kh3 {[%emt 0:00:01]} Ndf6 {[%emt 0:00:03]} 23. gxh7+ {[%emt 0:00:03]} Kxh7 {[%emt 0:00:01]} 24. Rd2 {[%emt 0:00:03]} Rf1 {[%emt 0:00:03]} 25. Re2 {[%emt 0:00:03]} Kg6 {[%emt 0:00:03]} 26. Rxe7 {[%emt 0:00:01]} Kh5 {[%emt 0:00:02]} 27. Re1 {[%emt 0:00:03]} Nxd5 {[%emt 0:00:05]} 28. Rxf1 {[%emt 0:00:01]} Nde3 {[%emt 0:00:02]} 29. Rxe3 {[%emt 0:00:02]} Nxe3 {[%emt 0:00:01]} 30. Re1 {[%emt 0:00:01]} Ng4 {[%emt 0:00:01]} 31. Nc3 {[%emt 0:00:01]} d5 {[%emt 0:00:01]} 32. Nxd5 {[%emt 0:00:01]} Rxa4 {[%emt 0:00:01]} 33. Nf4+ {[%emt 0:00:01]} Rxf4 {[%emt 0:00:00]} 34. gxf4 {[%emt 0:00:01]} c4 {[%emt 0:00:01]} 35. Rb1 {[%emt 0:00:01]} Nf2+ {[%emt 0:00:01]} *

[Event "Test Tournament"]
[Site "Emanuel Lasker Arena"]
[Date "2024.04.09"]
[Round "1"]
[White "Endspielexperte"]
[Black "StressTest"]
[Result "1-0"]
[WhiteElo "1620"]
[BlackElo "2101"]
[Annotator "RC"]
[PlyCount "67"]
[EventDate "2024.04.09"]
[EventType "swiss (blitz)"]

1. d4 {[%emt 0:00:01]} Nf6 {[%emt 0:00:01]} 2. c4 {[%emt 0:00:01]} e6 {[%emt 0:00:01]} 3. g3 {[%emt 0:00:01]} d5 {[%emt 0:00:01]} 4. Bg2 {[%emt 0:00:01]} Be7 {[%emt 0:00:01]} 5. Nf3 {[%emt 0:00:01]} O-O {[%emt 0:00:01]} 6. O-O {[%emt 0:00:01]} dxc4 {[%emt 0:00:01]} 7. Ne5 {[%emt 0:00:01]} Nc6 {[%emt 0:00:01]} 8. Bxc6 {[%emt 0:00:01]} bxc6 {[%emt 0:00:01]} 9. Nxc6 {[%emt 0:00:01]} Qe8 {[%emt 0:00:01]} 10. Qa4 {[%emt 0:00:01]} Bd6 {[%emt 0:00:01]} 11. Qxc4 {[%emt 0:00:03]} Bd7 {[%emt 0:00:04]} 12. Ne5 {[%emt 0:00:04]} Ne4 {[%emt 0:00:07]} 13. Qd3 {[%emt 0:00:01]} f5 {[%emt 0:00:01]} 14. Nc3 {[%emt 0:00:01]} Bxe5 {[%emt 0:00:03]} 15. dxe5 {[%emt 0:00:01]} c5 {[%emt 0:00:03]} 16. Nxe4 {[%emt 0:00:01]} fxe4 {[%emt 0:00:01]} 17. Qxe4 {[%emt 0:00:01]} a5 {[%emt 0:00:03]} 18. Bg5 {[%emt 0:00:04]} Rf5 {[%emt 0:00:03]} 19. f4 {[%emt 0:00:03]} h6 {[%emt 0:00:02]} 20. Bh4 {[%emt 0:00:03]} Rb8 {[%emt 0:00:03]} 21. Rfd1 {[%emt 0:00:04]} Rxb2 {[%emt 0:00:01]} 22. Rd6 {[%emt 0:00:03]} c4 {[%emt 0:00:02]} 23. Qxc4 {[%emt 0:00:02]} Kh7 {[%emt 0:00:02]} 24. Rc1 {[%emt 0:00:02]} Bb5 {[%emt 0:00:02]} 25. Rxe6 {[%emt 0:00:01]} Bxc4 {[%emt 0:00:01]} 26. Rxe8 {[%emt 0:00:00]} Bxe2 {[%emt 0:00:01]} 27. a3 {[%emt 0:00:02]} Bg4 {[%emt 0:00:02]} 28. e6 {[%emt 0:00:02]} Bf3 {[%emt 0:00:01]} 29. e7 {[%emt 0:00:02]} g5 {[%emt 0:00:01]} 30. Rh8+ {[%emt 0:00:01]} Kxh8 {[%emt 0:00:01]} 31. e8=Q+ {[%emt 0:00:01]} Kg7 {[%emt 0:00:01]} 32. Rc7+ {[%emt 0:00:01]} Rf7 {[%emt 0:00:01]} 33. Qxf7+ {[%emt 0:00:00]} Kh8 {[%emt 0:00:01]} 34. Qh7# {[%emt 0:00:01] (Lag: Av=0.08s, max=0.8s)} 1-0

[Event "Test Tournament"]
[Site "Emanuel Lasker Arena"]
[Date "2024.04.09"]
[Round "1"]
[White "Fuerteventura"]
[Black "StressTest"]
[Result "0-1"]
[WhiteElo "1620"]
[BlackElo "2101"]
[Annotator "RC"]
[PlyCount "20"]
[EventDate "2024.04.09"]
[EventType "swiss (blitz)"]

1. e4 {[%emt 0:00:01]} Nf6 {[%emt 0:00:01]} 2. e5 {[%emt 0:00:01]} Nd5 {[%emt 0:00:01]} 3. d4 {[%emt 0:00:02]} d6 {[%emt 0:00:01]} 4. c4 {[%emt 0:00:02]} Nb6 {[%emt 0:00:01]} 5. f4 {[%emt 0:00:01]} dxe5 {[%emt 0:00:01]} 6. fxe5 {[%emt 0:00:01]} Bf5 {[%emt 0:00:01]} 7. Be3 {[%emt 0:00:01]} Nc6 {[%emt 0:00:01]} 8. Nc3 {[%emt 0:00:01]} e6 {[%emt 0:00:01]} 9. h4 {[%emt 0:00:01]} Nb4 {[%emt 0:00:01]} 10. Rc1 {[%emt 0:00:04]} c5 {[%emt 0:00:04] StressTest resigns Fuerteventura resigns (Lag: Av=0.20s, max=1.5s)} 0-1

[Event "Test Tournament"]
[Site "Emanuel Lasker Arena"]
[Date "2024.04.09"]
[Round "1"]
[White "Fuerteventura"]
[Black "Zimtowitch"]
[Result "0-1"]
[WhiteElo "1620"]
[BlackElo "1896"]
[Annotator "NA RC"]
[PlyCount "42"]
[EventDate "2024.04.09"]
[EventType "swiss (blitz)"]

1. e4 {[%emt 0:00:01]} e5 {[%emt 0:00:01]} 2. Nf3 {[%emt 0:00:02]} Nc6 {[%emt 0:00:01]} 3. Bb5 {[%emt 0:00:01]} a6 {[%emt 0:00:01]} 4. Ba4 {[%emt 0:00:02]} d6 {[%emt 0:00:01]} 5. c3 {[%emt 0:00:01]} Bd7 {[%emt 0:00:01]} 6. d4 {[%emt 0:00:01]} g6 {[%emt 0:00:01]} 7. h4 {[%emt 0:00:01]} b5 {[%emt 0:00:01]} 8. Bb3 {[%emt 0:00:02]} h6 {[%emt 0:00:02]} 9. a4 {[%emt 0:00:04]} Bg7 {[%emt 0:00:01]} 10. Qe2 {[%emt 0:00:05]} Nf6 {[%emt 0:00:01]} 11. Nbd2 {[%emt 0:00:03]} O-O {[%emt 0:00:04]} 12. h5 {[%emt 0:00:03]} Nxh5 {[%emt 0:00:01]} 13. axb5 {[%emt 0:00:01]} axb5 {[%emt 0:00:01]} 14. Rb1 {[%emt 0:00:02]} exd4 {[%emt 0:00:01]} 15. Qxb5 {[%emt 0:00:01]} dxc3 {[%emt 0:00:01]} 16. bxc3 {[%emt 0:00:01]} Nd4 {[%emt 0:00:03]} 17. Qb7 {[%emt 0:00:03]} Rb8 {[%emt 0:00:07]} 18. Qd5 {[%emt 0:00:03]} Nxb3 {[%emt 0:00:01]} 19. Rxb3 {[%emt 0:00:01]} Nf4 {[%emt 0:00:03]} 20. Ne5 {[%emt 0:00:23]} Nxd5 {[%emt 0:00:01]} 21. Nxd7 {[%emt 0:00:00] .} Rxb3 {[%emt 0:00:01]} 0-1

[Event "Test Tournament"]
[Site "Emanuel Lasker Arena"]
[Date "2024.04.09"]
[Round "1"]
[White "Karpovs Shadow"]
[Black "CheckMaid"]
[Result "1-0"]
[WhiteElo "1620"]
[BlackElo "1650"]
[Annotator "NA RC"]
[PlyCount "47"]
[EventDate "2024.04.09"]
[EventType "swiss (blitz)"]

1. c4 {[%emt 0:00:01]} g6 {[%emt 0:00:01]} 2. Nc3 {[%emt 0:00:01]} Bg7 {[%emt 0:00:01]} 3. d4 {[%emt 0:00:01]} Nf6 {[%emt 0:00:01]} 4. e4 {[%emt 0:00:01]} d6 {[%emt 0:00:01]} 5. h3 {[%emt 0:00:01]} O-O {[%emt 0:00:01]} 6. Nf3 {[%emt 0:00:04]} e5 {[%emt 0:00:01]} 7. dxe5 {[%emt 0:00:01]} dxe5 {[%emt 0:00:01]} 8. Be3 {[%emt 0:00:01]} a5 {[%emt 0:00:01]} 9. c5 {[%emt 0:00:04]} a4 {[%emt 0:00:03]} 10. Bb5 {[%emt 0:00:05]} Qe7 {[%emt 0:00:02]} 11. O-O {[%emt 0:00:02]} Rd8 {[%emt 0:00:04]} 12. Qc2 {[%emt 0:00:03]} a3 {[%emt 0:00:04]} 13. Rad1 {[%emt 0:00:03]} c6 {[%emt 0:00:03]} 14. Rxd8+ {[%emt 0:00:01]} Qxd8 {[%emt 0:00:01]} 15. Rd1 {[%emt 0:00:05]} Qa5 {[%emt 0:00:03]} 16. b4 {[%emt 0:00:03]} Ng4 {[%emt 0:00:03]} 17. bxa5 {[%emt 0:00:01]} Nxe3 {[%emt 0:00:01]} 18. Rd8+ {[%emt 0:00:02]} Bf8 {[%emt 0:00:01]} 19. fxe3 {[%emt 0:00:01]} cxb5 {[%emt 0:00:00]} 20. Rxc8 {[%emt 0:00:02]} Rxa5 {[%emt 0:00:00]} 21. Rxb8 {[%emt 0:00:02]} b4 {[%emt 0:00:03]} 22. Nb1 {[%emt 0:00:01]} h5 {[%emt 0:00:02]} 23. Qc4 {[%emt 0:00:01]} Kh8 {[%emt 0:00:02]} 24. Rxf8+ {[%emt 0:00:01] CheckMaid resigns (Lag: Av=0.05s, max=0.1s)} 1-0